000
00317nam a2200133Ia 4500
008
190216s9999||||xx |||||||||||||| ||und||
100
_a
Ruddar Dutt And Sundharam Kpm
245
0
_a
Indian Economy
250
_a
43rd Ed.
260
_b
Sulthan Chand&Sons
_c
2001
300
_a
929
650
_a
Economics
942
_c
BK
999
_c
10675
_d
10675